| 000 | 00380nam a2200121Ia 4500 | ||
|---|---|---|---|
| 008 | 220615s9999||||xx |||||||||||||| ||und|| | ||
| 245 | 0 | _aRecent Application in Biometrics | |
| 546 | _aEnglish[eng] | ||
| 650 | _aHuman-computer interaction | ||
| 700 | _aYang, Jucheng||Poh, Norman | ||
| 856 | _uhttps://mts.intechopen.com/storage/books/457/authors_book/authors_book.pdf | ||
| 942 | _cEB | ||
| 999 |
_c7763 _d7763 |
||